Normal view
MARC view
- Sharma,R.D.
Entry Personal Name
001 - CONTROL NUMBER
- control field: 6987
003 - CONTROL NUMBER IDENTIFIER
- control field: OSt
005 - DATE AND TIME OF LATEST TRANSACTION
- control field: 20181108125248.0
008 - FIXED-LENGTH DATA ELEMENTS
- fixed length control field: 181108|| aca||aabn | a|a d
040 ## - CATALOGING SOURCE
- Original cataloging agency: OSt
- Transcribing agency: OSt
100 ## - HEADING--PERSONAL NAME
- Personal name: Sharma,R.D.
670 ## - SOURCE DATA FOUND
- Source citation: Work cat.: (OSt): Sharma,R.D., Mathematics-X, 2018